000 00198 a2200097 4500
001 1431
100 _aStepin, P
245 _aStrength of materials
260 _a
_bPeace pubs
_c
090 _c975
_d975
942 _aNUST-CAE
_cM
_c36655
999 _c236504
_d236504